Histoire du Bas-Empire / (Record no. 148429)

MARC details
000 -LEADER
campo de control de longitud fija 00536nam a2200181 4500
001 - NÚMERO DE CONTROL
campo de control 148429
003 - IDENTIFICADOR DE NÚMERO DE CONTROL
campo de control ES-MaACL
005 - FECHA Y HORA DE LA ÚLTIMA TRANSACCIÓN
campo de control 20230906202628.0
007 - CAMPO FIJO DE DESCRIPCIÓN FÍSICA--INFORMACIÓN GENERAL
campo de control de longitud fija t|
008 - DATOS DE LONGITUD FIJA--INFORMACIÓN GENERAL
campo de control de longitud fija 070214s1949 fr r ||||1| fre d
100 1# - ENTRADA PRINCIPAL--NOMBRE DE PERSONA
Nombre de persona Stein, Ernst.
9 (RLIN) 108025
245 10 - MENCIÓN DEL TÍTULO
Título Histoire du Bas-Empire /
Mención de responsabilidad, etc. Ernst Stein ; publié par Jean-Remy Palanque.
260 ## - PUBLICACIÓN, DISTRIBUCIÓN, ETC.
Lugar de publicación, distribución, etc. Paris :
Nombre del editor, distribuidor, etc. Desclée de Brouwer,
Fecha de publicación, distribución, etc. 1949.
300 ## - DESCRIPCIÓN FÍSICA
Extensión XXXIV, 900 p. ;
Dimensiones 23 cm +
Material acompañante/anejo 3 map.
500 ## - NOTA GENERAL
Nota general es el tomo II.
700 0# - ENTRADA AGREGADA--NOMBRE PERSONAL
Nombre de persona Palanque, Jean-Rémy.
9 (RLIN) 88466
852 ## - LOCALIZACIÓN
Ubicación ES-MaACL
Número de control de estantería E-4093
Holdings
Estatus retirado Estado de pérdida Estado de daño No para préstamo Biblioteca de origen Biblioteca actual Ubicación en estantería Fecha de adquisición Fuente de adquisición Total de préstamos Signatura topográfica completa Código de barras Visto por última vez Precio de reemplazo Tipo de ítem Koha
        Biblioteca del Ateneo de Madrid Biblioteca del Ateneo de Madrid Depósito 2 17/01/2008     E-4093 1154900 23/02/2023 23/02/2023 Libro impreso